Historia administracji i myśli administracyjnej /
Guardat en:
| Autor principal: | |
|---|---|
| Altres autors: | |
| Format: | Llibre |
| Idioma: | polonès |
| Publicat: |
Kraków :
Wydaw. Uniwersytetu Jagiellońskiego,
cop. 2003.
|
| Edició: | Wyd. 2 uzup. |
| Matèries: | |
| Etiquetes: |
Sense etiquetes, Sigues el primer a etiquetar aquest registre!
|
MARC
| LEADER | 00000cam#a2200000#i#4500 | ||
|---|---|---|---|
| 001 | 9913381640305606 | ||
| 005 | 20260515140228.0 | ||
| 008 | 161125p20162016pl - b - n ? pol | ||
| 020 | |a 8323317755 | ||
| 035 | |a GDYM185702-48omnis_network | ||
| 035 | |a (PL)b0001270108010 | ||
| 040 | |a MBPG |c MBPG | ||
| 080 | |a 351/354"17/19"(075.8) | ||
| 090 | |c 124 |d 123 | ||
| 100 | 1 | |a Malec, Jerzy |d (1950- ) | |
| 245 | 1 | 0 | |a Historia administracji i myśli administracyjnej / |c Jerzy Malec, Dorota Malec. |
| 250 | |a Wyd. 2 uzup. | ||
| 260 | |a Kraków : |b Wydaw. Uniwersytetu Jagiellońskiego, |c cop. 2003. | ||
| 300 | |a 266, [1] s. ; |c 23 cm. | ||
| 504 | |a Bibliogr. | ||
| 521 | 8 | |a Podręcznik akademicki. | |
| 650 | 7 | |a Administracja |y 18-20 w. | |
| 700 | 1 | |a Malec, Dorota | |
| 920 | |a 83-233-1775-5 | ||
| 942 | |c K | ||
| 952 | |0 0 |1 0 |4 0 |6 R__77_000000000000000 |7 0 |9 116 |a RYT |b RYT |d 2026-05-12 |e 1/2014 |g 10.00 |l 0 |o R.77 |p 2000000000770 |r 2026-05-15 14:02:28 |w 2026-05-15 |y BK |z da | ||
| 999 | |c 116 |d 116 | ||